| 000 | 00524cab a2200181 4500 | ||
|---|---|---|---|
| 001 | WB2502-20 | ||
| 008 | 090401t1989 xxu||||| |||| 00| 0 eng d | ||
| 035 | _a(Sirsi) u30660 | ||
| 041 | _aeng | ||
| 245 | _aHome loan misery | ||
| 260 | _c1989 | ||
| 350 | _a0 | ||
| 490 |
_aDaily Mail _v11/1/89 p17 |
||
| 520 | _aHighlights the services available from Housing Debtline , the Birmingham-based advice centre for people with mortgage repayment problems. | ||
| 690 | _aHOUSING-FINANCE | ||
| 942 | _n0 | ||
| 948 | _c04/03/1997 | ||
| 999 |
_c20666 _d20666 |
||